Pays d'Amérique du Sud à l'aveugle - Statistiques

Statistiques générales
  • Ce quiz a été pris 177 fois
  • Le résultat moyen est 11 sur 12
Statistiques - réponses
Réponse % Correct
Brésil
99%
Argentine
97%
Chili
97%
Colombie
96%
Paraguay
96%
Uruguay
96%
Bolivie
94%
Pérou
94%
Venezuela
93%
Equateur
92%
Guyana
92%
Suriname
89%
Aucun quiz correspondant
Distribution des résultats
% des personnes avec chaque résultat
Percentile par nombre de réponses
Votre historique - résultats
Vous n’avez pas pris ce quiz